000 004630000a22001930004500
001 004573
003 MACL
005 20150730132832.0
008 150730b xxu||||| |||| 00| 0 eng d
040 _aMACL
_cMACL
041 _aEnglish
082 _a343.032/RHO
100 _aAhom Period,
_93428
245 _aThe Coinage Of Assam
_bVol-2
_cAhom Period
260 _aKolkata
_c2004
_bRhodes,N.G.,
350 _a450
650 _aLaw
_93429
942 _k343
_cBK
_2ddc
999 _c16462
_d16462